Hits from the 80's - Statistics

General Stats
  • This quiz has been taken 132 times
  • The average score is 8 of 15
Answer Stats
Artist Year Answer % Correct
A-ha 1985 Take on Me
89%
Michael Jackson 1982 Billie Jean
71%
Bruce Springsteen 1984 Born in the usa
69%
Journey 1981 Don't stop believin
64%
Men at Work 1981 Down Under
63%
Tears for Fears 1985 Everybody Wants to rule the World
63%
Simple Minds 1985 Don't you forget about me
56%
Culture Club 1983 Karma Chameleon
56%
The Human League 1981 Don't you want me
46%
Spandau Ballet 1983 True
45%
Falco 1985 Rock me amadeus
43%
Tina Turner 1984 What's love got to do with it
42%
Queen 1980 Another One Bites the Dust
41%
New Order 1986 Blue Monday
28%
George Michael 1984 Careless Whisper
25%
No matching quizzes found
Score Distribution
Percent of People with Each Score
Percentile by Number Answered
Your Score History
You have not taken this quiz